Statistics for Countries By Riddles (Easy)

Click here to take the quiz!

General Stats

  • This quiz has been taken 54 times
  • The average score is 9 of 10

Answer Stats

QuestionAnswer% Correct
I am known for my Great Wall,and cities like Shanghai or Chongqing,Which country am i?China
91%
I am Home to the Eiffel Tower,Louvre Museum,and Arc de Triomphe,Which country am i?France
91%
I am home to the most populous city,Tokyo.Invented Sushi and Ramen and i created anime.Which country am i?Japan
91%
I am Famous for Queen Elizabeth II,Tea,and London.Which country am i?United Kingdom
91%
I am in Asia,I made the Chicken Curry,And i'm mostly Hindu,Which country am i?India
89%
I am home of several cities Like New York,Los Angeles and Las Vegas,Which country am i?United States
87%
I was colonized by the Portuguese,Won the most fifa world cups,and known for the Amazon river,Which country am i?Brazil
83%
I am the southernmost country in Africa,i have beautiful scenery and part of BRICS,Which country am i?South Africa
81%
My national animal is the Beaver,and most of my population lives in the south,Which country am i?Canada
79%
I am famous for creating the Muslim Religion,Arabic Language and Mecca.Which country am i?Saudi Arabia
66%

Score Distribution

Percentile by Number Answered

Percent of People with Each Score

Your Score History

You have not taken this quiz